000 00971nac a22002657a 4500
001 BR8000252
003 BR-BrBNA
005 20240105114614.0
008 230509b bl.|||m| |||| 00| 0 por d
040 _aBR-BrBNA
_bpor
_cBiblioteca Nacional de Agricultura
072 _aM10
090 _a8310 BR8000252
100 1 _aSilva, S.B.
110 1 _aEmpresa de Pesquisa Agropecuaria do Estado do Rio de Janeiro, Niteroi (Brasil)
245 1 _aReproducao de Macrobrachium carcinus (L.)em cativeiro [Camarao pitu; Brasil]
246 1 _a[Reproduction of Macrobrachium carcinus (L.)in captivity [Prawn; Brazil]]
260 3 _aNiteroi, RJ (Brasil):
_cDec 1979.
300 _a2 p.
490 _aComunicado Tecnico - Empresa de Pesquisa Agropecuaria do Estado do Rio de Janeiro (Brazil)
_vno. 36
_x
650 _aProducao pesqueira
650 _aCamarao pitu
650 _aReproducao animal
909 _a202312
_bLúcia Elande
_c55
_dLúcia Elande
942 _2AGRIS
_n0
_cMS
999 _c270300
_d270300